Methods of testing vulcanized rubber. Part A10 and Part A18 (Record no. 22142)
[ view plain ]
| 000 -LEADER | |
|---|---|
| fixed length control field | 00340nam a2200121Ia 4500 |
| 082 ## - DEWEY DECIMAL CLASSIFICATION NUMBER | |
| Classification number | 678.031(083.74)BS |
| Item number | BRI |
| 245 #0 - TITLE STATEMENT | |
| Title | Methods of testing vulcanized rubber. Part A10 and Part A18 |
| 260 ## - PUBLICATION, DISTRIBUTION, ETC. (IMPRINT) | |
| Place of publication | London |
| Name of publisher | BSI |
| Year of publication | 1956 |
| 650 ## - SUBJECT ADDED ENTRY--TOPICAL TERM | |
| Topical Term | BS 903:Part A10 |
| 650 ## - SUBJECT ADDED ENTRY--TOPICAL TERM | |
| Topical Term | BS 903:Part A18 |
| 942 ## - ADDED ENTRY ELEMENTS (KOHA) | |
| Koha item type | Books |
| Withdrawn status | Lost status | Damaged status | Not for loan | Collection code | Home library | Current library | Date acquired | Full call number | Accession Number | Koha item type |
|---|---|---|---|---|---|---|---|---|---|---|
| Transferred to S register | RRII Library | RRII Library | 16/12/2021 | 678.031(083.74)BS BRI | 02857 | Books |